Представление документа в формате RUSMARC

ПолеНазваниеЗначение
  Тип записи a
  Библиографический уровень m
001 Контрольный номер f757e0ffd92447eeb460bf1cd6b8cf43
005 Дата корректировки 20260619111753.2
010 Индекс ISBN __
a ISBN 978-5-0063-0725-4
b Уточнения в пер.
b Уточнения рус.
010 Индекс ISBN __
a ISBN 978-3-551-08901-4
b Уточнения нем.
010 Индекс ISBN __
a ISBN 978-5-0063-0720-9
b Уточнения сер.
9 Тираж 3000 экз.
d Цена 371-88
100 Данные общей обработки __
a Данные общей обработки 20260611d2026 b y0rusy028902 ca
101 Язык документа 1_
a Язык текста rus
c Язык оригинала ger
102 Страна публикации __
a Страна публикации RU
105 Кодированные данные (монография) __
a Кодированные данные (монография) a z 000yy
181 Поле кодированных данных: вид содержания _0
a Код вида содержания (ISBD) i
181 Поле кодированных данных: вид содержания _0
a Код вида содержания (ISBD) b
182 Поле кодированных данных: тип средства _0
a Код типа средства (ISBD) n
200 Заглавие и сведения об ответственности 1_
a Заглавие Машинки-помощники в городе
e Сведения, относящиеся к заглавию для чтения взрослыми детям
f Первые сведения об ответственности Моника Виттманн
g Последующие сведения об ответственности перевод с немецкого Юлии Капустюк
g Последующие сведения об ответственности художник Александр Штеффенмайер
203 Вид содержания и тип средства __
a Вид содержания Текст
a Вид содержания Изображение
c Тип средства непосредственные
b Характеристика содержания неподвижное
b Характеристика содержания двухмерное
210 Выходные данные 1_
a Место издания Москва
c Издательство Альпина.дети
c Издательство Альпина Паблишер
d Дата издания 2026
215 Физическое описание __
a Объем [25] с.
c Иллюстрации/тип воспроизводства цв. ил.
d Формат 20x20 см
225 Серия 1_
a Серия Машинки-помощники
330 Аннотация __
a Аннотация Каждый день, пока мы спешим по своим делам, целая команда специальных машин трудится не покладая "рук". Вместе с Саймоном читатель отправится в путешествие по городу, чтобы узнать, какие машины и люди стоят за его безупречной работой. Мы увидим, как подметально-уборочные машины очищают дороги, как мощные каналопромывочные грузовики справляются с засорами, как вилочные погрузчики перемещают тяжести, а специальные снегоуборочные комбайны делают катки идеальными. Эта история поможет увидеть в обычных городских службах настоящих супергероев, которые ежедневно трудятся, чтобы город был чистым и комфортным.
333 Примечание о целевом назначении __
a Примечание о целевом назначении 0+
606 Тематические рубрики __
a Основная рубрика Транспорт
2 Код системы nlr_sh
606 Тематические рубрики __
a Основная рубрика Общие вопросы транспорта
2 Код системы nlr_sh
y Географическая подрубрика Германия
610 Ключевые слова 0_
a Ключевые слова детская литература
610 Ключевые слова 0_
a Ключевые слова немецкая литература
610 Ключевые слова 0_
a Ключевые слова познавательная литература
610 Ключевые слова 0_
a Ключевые слова развивающая литература
610 Ключевые слова 0_
a Ключевые слова машины
610 Ключевые слова 0_
a Ключевые слова техника
610 Ключевые слова 0_
a Ключевые слова грузовики
610 Ключевые слова 0_
a Ключевые слова спецтехника
610 Ключевые слова 0_
a Ключевые слова вилочные погрузчики
610 Ключевые слова 0_
a Ключевые слова поливомоечная техника
610 Ключевые слова 0_
a Ключевые слова подметально-уборочные машины
610 Ключевые слова 0_
a Ключевые слова воспитание дошкольников
610 Ключевые слова 0_
a Ключевые слова дошкольники
610 Ключевые слова 0_
a Ключевые слова викторины
686 Индексы других классификаций __
a Классификационный индекс Д
2 Код системы rubbks
700 Автор _1
a Фамилия Виттман
b Имя М.
f Даты 1968-
g Полное личное имя Моника
4 Код отношения 070
702 Вторичная интеллектуальная ответственность _1
a Фамилия Штеффенмайер
b Имя А.
g Полное личное имя Александр
4 Код отношения 730
702 Вторичная интеллектуальная ответственность _1
a Фамилия Капустюк
b Имя Ю. Б.
f Даты 1981-
g Полное личное имя Юлия Борисовна
4 Код отношения 730
801 Источник записи _1
a Страна RU
b Организация Муниципальное бюджетное учреждение культуры "Централизованная библиотечная система" г. Сургут (Центральная городская библиотека им. А. С. Пушкина)
c Дата составления 20260611
g Правила каталогизации PSBO
801 Источник записи _2
a Страна RU
b Организация Муниципальное бюджетное учреждение культуры "Централизованная библиотечная система" г. Сургут (Центральная городская библиотека им. А. С. Пушкина)
c Дата составления 20260611
g Правила каталогизации PSBO
852 Данные о местонахождении __
i Авторский знак В 54
j Шифр хранения Д
900 Макрообъекты __
a Макрообъекты Машинки-помощники в городе. Виттман, М., 2026
901 Тип документа __
a Ответственный ООФиК/Волкова
t Тип документа m
901 Тип документа __
a Ответственный 7 партия
903 Характеристики (МАРС) __
a Дата передачи 20260611
c Наименование библиотеки (МАРС) Муниципальное бюджетное учреждение культуры "Централизованная библиотечная система" г. Сургут (Центральная городская библиотека им. А. С. Пушкина)
969 Тип издания __
a Тип издания брошюра
a Тип издания издание для детей
a Тип издания Ф 26
990 Данные о заказе (DOS) __
j Количество экземпляров (DOS) 5
t N записи в КСУ для И/У (DOS) 202607